000 00429pab a2200157 454500
008 180718b1998 xxu||||| |||| 00| 0 eng d
100 _aWinston, Clifford
245 _aU.S. industry adjustment to economic deregulation
260 _c1998
300 _ap.89-110
362 _aSummer
650 _aUnited States - Industries
650 _aIndustrial development
773 _aJournal of Economic Perspectives
909 _a38778
999 _c38778
_d38778